000 00425nam a2200157 i 4500
001 45301
003 ES-MaACL
005 20230906161208.0
007 t|
008 030325s1971 sp ||||1| spa d
100 1 _aCodes, Manuel de.
_939420
245 1 3 _aLa mano en el sol /
_cManuel de Codes.
260 _aZaragoza :
_bJavalambre,
_c1971.
300 _a66 h. :
_b6 lám. ;
_c23 cm.
852 _aES-MaACL
_jC-38219
_bR.77193
999 _c45301
_d45301